| 000 | 00518nam a2200169 a 4500 | ||
|---|---|---|---|
| 001 | 7086 | ||
| 003 | CO-ViMGA | ||
| 008 | 141112s2004 ck r 000 u spa d | ||
| 040 |
_aCO-ViMGA _bspa _cCO-ViMGA |
||
| 082 | 0 | 4 | _a350.711 G453 |
| 100 | 1 |
_aGimeno Feliu, Jose María _96174 |
|
| 245 | 1 | 0 |
_aEl contrato de la contratación pública : _blas normas comunitarias y su adaptación en españa |
| 260 |
_aMadrid : _bCivitas, _c1995 |
||
| 300 | _a168 p | ||
| 650 | 1 | 4 |
_aCONTRATACION PUBLICA - ESPAÑA _96175 |
| 942 |
_2ddc _cBK |
||
| 999 |
_c19051 _d19051 |
||